Common Latin Phrases II Quiz Stats

 Plays Quiz Updated Nov 23, 2018

Support Sporcle.
Go Orange.
Score 0/24 Timer 08:00
4 Plays Today
English Translation Latin Word or Phrase % Correct
After deathPost mortem
72.3%
Inverted; againstversus
70.8%
Stiffness of deathRigor mortis
70%
Great CharterMagna Carta
69.5%
Always faithfulSemper fidelis
65.5%
Firm landTerra firma
65.3%
Out of many, oneE pluribus unum
61.1%
Before the warAnte bellum
60.2%
About; Round aboutCirca
59.2%
VerbVerbatim
57.9%
By heads; by the headPer capita
57.8%
By the dayPer diem
54.8%
English Translation Latin Word or Phrase % Correct
Manner of operatingModus operandi
49.5%
With great praiseMagna cum laude
46.8%
Other I (Other self)Alter ego
46.6%
Let the buyer beware.Caveat emptor
42.9%
Great workMagnum opus
41.1%
That which standsStatus quo
39.8%
RestRequiem
36.6%
Time flees; or Time fliesTempus fugit
35.9%
To be rememberedMemorandum
31.2%
He has pledgedAffidavit
30.5%
In good faithBona fide
29.2%
Position being changedVice versa
26.7%

From the Vault

Two-Minute Crossword IV

by Qaqaq

Could take more or less than 2 minutes but that's all we're giving you.
Remove Ads.
Support Sporcle.
Get the best of Sporcle when you Go Orange. This ad-free experience offers more features, more stats, and more fun while also helping to support Sporcle. Thank you for becoming a member.

Show Comments

Extras

Top Quizzes Today


Score Distribution

Your Account Isn't Verified!

In order to create a playlist on Sporcle, you need to verify the email address you used during registration. Go to your Sporcle Settings to finish the process.

Report this User

Report this user for behavior that violates our Community Guidelines.

Details: